000 00340cam a2200133ua 4500
041 _aeng
_h
082 _a950
_bGIN/PA
100 _aGinsbury, Norton .
245 0 0 _aPattern of Asia /
_cNorton Ginsbury.
_hTextual Documents
260 _aNew Jersey :
_bPrentice Hall Inc ,
_c1960.
300 _a929 ; .
942 _cBK
999 _c6355
_d6355